000 00647nam a2200253Ia 4500
003 OSt
005 20221007110046.0
006 a|||||r|||| 00| 0
007 ta
008 221006b |||||||| |||| 00| 0 eng d
024 _a20,269
037 _cTextual
040 _aLCO
_cLCO
_beng
041 _2eng
_aeng
082 _aV2:2:(Z), P8
100 _aNarender Kumar
_928303
245 0 _aConstitutional Law of India
250 _a7th
260 _aFaridabad
_bAllahabad Law Agency India
_c2008
300 _a998
650 _aCONSTITUTION
942 _hV2:2:(Z), P8
_cTEXL
999 _c1189832
_d1189832